|
|
|
|
| LEADER |
01025nam a22002412a 4500 |
| 001 |
000313982 |
| 003 |
CZ BrMZK |
| 005 |
20110605105123.0 |
| 007 |
ta |
| 008 |
980105s1933 xo af f cze d |
| 040 |
|
|
|a ABA001
|b cze
|c OSA001
|d ABA001
|
| 100 |
1 |
|
|a Eisner, Jan,
|d 1885-1967
|7 jk01030377
|4 aut
|
| 245 |
1 |
0 |
|a Slovensko v pravěku /
|c Jan Eisner
|
| 260 |
|
|
|a Bratislava :
|b Učená Společnost Šafaříkova,
|c 1933
|
| 300 |
|
|
|a VII, 380 s. :
|b [LIII] obr. příl. - [II] tab. ;
|c 8°
|
| 490 |
1 |
|
|a Práce Učené Společnosti Šafaříkovy v Bratislavě ;
|v sv. 13
|
| 830 |
|
0 |
|a Práce Učené Společnosti Šafaříkovy v Bratislavě
|
| 910 |
|
|
|a BOA001
|b 2-0112.923,13
|
| 990 |
|
|
|a BK
|
| 991 |
|
|
|b 201106
|
| 996 |
7 |
|
|b 2619922786
|c 2-0112.923,13
|l MZK
|r Sklad / do 24 hodin
|n 22
|w 000313982
|u 000010
|a 1
|e BOA001
|j MZK50
|s A
|
| 996 |
6 |
|
|b 313982-10
|c 2-0112.923,13
|l MZK
|r Sklad / do 24 hodin
|n 0
|w 000313982
|u 000020
|a 1
|e BOA001
|j MZK50
|s P
|
| 996 |
6 |
|
|b 313982-20
|c 2-0112.923,13
|l MZK
|r Sklad / do 24 hodin
|n 0
|w 000313982
|u 000030
|a 1
|e BOA001
|j MZK50
|s P
|